| 000 | 00357nam a22001457a 4500 | ||
|---|---|---|---|
| 008 | 210308b ||||| |||| 00| 0 eng d | ||
| 020 | _a9780024076021 | ||
| 041 | _aeng | ||
| 080 |
_27th _a573 |
||
| 082 | _a573 | ||
| 100 | _a11 | ||
| 101 | _aBIO | ||
| 245 |
_aLaboratory Studies of Vertebrate and Invertebrate Embroys _cSchoenwolf, G.C |
||
| 942 |
_2udc _cBK |
||
| 999 |
_c55979 _d55979 |
||